[Event "Bayerische EM 2012 Allgemeine Klasse"]
[Site "Bayerisch Eisenstein"]
[Date "2012.08.18"]
[Round "1.1"]
[White "Reich, Thomas"]
[Black "Lochte, Thomas"]
[Result "1-0"]
[WhiteElo "2364"]
[BlackElo "2164"]
[PlyCount "49"]
[EventDate "2012.??.??"]
[WhiteTeam "FC Bayern München e.V."]
[BlackTeam "SK Weilheim"]

1. d4 Nf6 2. Bf4 c5 3. e3 g6 4. c3 Bg7 5. Nf3 cxd4 6. exd4 Qb6 7. Qb3 Qxb3 8.
axb3 d6 9. Nbd2 O-O 10. Be2 b6 11. O-O Bb7 12. Rfe1 Nbd7 13. Ba6 Bxa6 14. Rxa6
Nd5 15. Bg3 f5 16. Rea1 h6 17. Rxa7 Rad8 18. h3 e5 19. Rb7 e4 20. Raa7 exf3 21.
Rxd7 Rxd7 22. Rxd7 f4 23. Rxd6 Ne7 24. Bh2 Ra8 25. Bxf4 1-0

[Event "Bayerische EM 2012 Allgemeine Klasse"]
[Site "Bayerisch Eisenstein"]
[Date "2012.08.18"]
[Round "1.2"]
[White "Ciaffone, Daniel"]
[Black "Lentrodt, Thomas"]
[Result "1/2-1/2"]
[WhiteElo "2145"]
[BlackElo "2328"]
[PlyCount "93"]
[EventDate "2012.??.??"]
[WhiteTeam "FC Bayern München e.V."]
[BlackTeam "FC Bayern München e.V."]

1. e4 e6 2. d4 d5 3. Nd2 c5 4. exd5 Qxd5 5. Ngf3 cxd4 6. Bc4 Qh5 7. Nxd4 Qxd1+
8. Kxd1 a6 9. Re1 Nf6 10. N2f3 Bc5 11. Ke2 O-O 12. Nb3 Ba7 13. Ne5 Nbd7 14.
Nxd7 Bxd7 15. Be3 Bxe3 16. Kxe3 Rac8 17. Bd3 Nd5+ 18. Kd2 Rfd8 19. Nd4 Nb4 20.
c3 Nc6 21. Nxc6 Bxc6 22. f3 Bb5 23. Re3 Rc7 24. Kc2 Bc6 25. Rd1 Kf8 26. Be4
Rxd1 27. Kxd1 Bxe4 28. Rxe4 Rd7+ 29. Ke2 Ke7 30. Rc4 e5 31. f4 Ke6 32. fxe5
Kxe5 33. Rc5+ Kd6 34. Rh5 Re7+ 35. Kd3 h6 36. Rf5 f6 37. a4 Re1 38. b4 Ra1 39.
Rf3 Rxa4 40. Rg3 g5 41. Rh3 Ra2 42. Rxh6 Ke5 43. g3 b5 44. Rh5 Kf5 45. Rh6 Ke5
46. Rh5 Rg2 47. Ke3 1/2-1/2

[Event "Bayerische EM 2012 Allgemeine Klasse"]
[Site "Bayerisch Eisenstein"]
[Date "2012.08.18"]
[Round "1.3"]
[White "Pohl-Kuemmel, Jens-Uwe"]
[Black "Hornung, Hans"]
[Result "1-0"]
[WhiteElo "2315"]
[BlackElo "2138"]
[PlyCount "51"]
[EventDate "2012.??.??"]
[WhiteTeam "TSV Wacker Neutraubling"]
[BlackTeam "SK Klosterlechfeld"]

1. Nf3 c5 2. c4 g6 3. d4 cxd4 4. Nxd4 Bg7 5. e4 Nc6 6. Nc2 d6 7. Be2 f5 8. exf5
Bxf5 9. O-O Nh6 10. Nc3 O-O 11. Be3 Bxc2 12. Qxc2 Nf5 13. Bd2 Nfd4 14. Qd1 e6
15. Ne4 Qh4 16. Ng3 Rf7 17. Be3 Be5 18. Qd2 Raf8 19. Rad1 b6 20. b3 Rf5 21. h3
Bxg3 22. fxg3 Nxe2+ 23. Qxe2 Rxf1+ 24. Rxf1 Rxf1+ 25. Qxf1 Qxg3 26. Bh6 1-0

[Event "Bayerische EM 2012 Allgemeine Klasse"]
[Site "Bayerisch Eisenstein"]
[Date "2012.08.18"]
[Round "1.4"]
[White "Krauß, Josef"]
[Black "Kunz, Konstantin"]
[Result "0-1"]
[WhiteElo "2130"]
[BlackElo "2303"]
[PlyCount "84"]
[EventDate "2012.??.??"]
[WhiteTeam "Schachklub Schweinfurt 2000 e.V."]
[BlackTeam "SC Kitzingen von 1905"]

1. e4 c5 2. c3 Nf6 3. e5 Nd5 4. Nf3 Nc6 5. Bc4 Nb6 6. Bb3 d6 7. exd6 Qxd6 8.
Na3 Bf5 9. d4 a6 10. dxc5 Qxc5 11. Be3 Qa5 12. O-O e6 13. Nc4 Nxc4 14. Bxc4 Be7
15. b4 Qc7 16. Qb3 O-O 17. Rac1 Bf6 18. Nd4 Ne5 19. Be2 Bd3 20. c4 Bxe2 21.
Nxe2 h6 22. Bf4 Qc6 23. Nd4 Qe4 24. Qe3 Qxe3 25. Bxe3 Rfc8 26. c5 a5 27. a3
axb4 28. axb4 Ra4 29. Rb1 Nd3 30. Nb5 Rxb4 31. Nd6 Rc7 32. Rxb4 Nxb4 33. Rb1
Bc3 34. Rb3 Nd5 35. Nb5 Rd7 36. Nd6 Bb4 37. Bd4 b6 38. Ne4 f5 39. Ng3 bxc5 40.
Be5 c4 41. Rb1 Bc3 42. Rb8+ Kf7 0-1

[Event "Bayerische EM 2012 Allgemeine Klasse"]
[Site "Bayerisch Eisenstein"]
[Date "2012.08.18"]
[Round "1.5"]
[White "Bartsch, Berthold"]
[Black "Kreuzer, Klaus"]
[Result "1-0"]
[WhiteElo "2269"]
[BlackElo "2130"]
[PlyCount "111"]
[EventDate "2012.??.??"]
[WhiteTeam "SC Forchheim e.V."]
[BlackTeam "SC Bayerwald/Regen"]

1. e4 d6 2. Nc3 g6 3. g3 Bg7 4. Bg2 e5 5. d3 Nh6 6. h4 c6 7. h5 Qe7 8. Bd2 Be6
9. Nf3 Na6 10. Qe2 O-O-O 11. O-O-O Nc7 12. Rh4 f6 13. hxg6 hxg6 14. Rdh1 g5 15.
Rh5 Bg4 16. R5h2 Rdg8 17. Qe3 Kb8 18. Ng1 Bc8 19. f3 Qf8 20. Nge2 Nf7 21. Bh3
Bxh3 22. Rxh3 Rxh3 23. Rxh3 Rh8 24. Rxh8 Qxh8 25. Qg1 Qh3 26. Nd1 Bf8 27. Ne3
d5 28. Ng4 Be7 29. c3 Nh6 30. Nxh6 Qxh6 31. Be3 a6 32. g4 Qh8 33. Ng3 Ne6 34.
Qh1 Qxh1+ 35. Nxh1 Kc7 36. Ng3 Ng7 37. Kc2 Bd6 38. a4 b5 39. Kb3 Be7 40. Bf2
Bd6 41. a5 Kd7 42. Kc2 Be7 43. b4 Bd6 44. Bb6 Be7 45. Kb3 Bd6 46. exd5 cxd5 47.
c4 bxc4+ 48. dxc4 e4 49. Nh5 Nxh5 50. gxh5 dxc4+ 51. Kxc4 exf3 52. h6 Bf8 53.
h7 Bg7 54. Kd5 f5 55. b5 axb5 56. a6 1-0

[Event "Bayerische EM 2012 Allgemeine Klasse"]
[Site "Bayerisch Eisenstein"]
[Date "2012.08.18"]
[Round "1.6"]
[White "Walter, Florian"]
[Black "Schmid, Roland"]
[Result "1/2-1/2"]
[WhiteElo "2128"]
[BlackElo "2249"]
[PlyCount "41"]
[EventDate "2012.??.??"]
[WhiteTeam "SV Lauf a.d.P."]
[BlackTeam "TSV Wacker Neutraubling"]

1. c4 e6 2. g3 d5 3. Bg2 Nf6 4. Nf3 Be7 5. O-O O-O 6. b3 b6 7. d4 Bb7 8. Nc3
Nbd7 9. Ne5 c5 10. e3 Rc8 11. Bb2 Ba6 12. Re1 cxd4 13. exd4 Bb4 14. a3 Bxc3 15.
Bxc3 Re8 16. Bb4 Bb7 17. Rc1 a5 18. Bd2 Ne4 19. Nxd7 Qxd7 20. Bxe4 dxe4 21. Be3
1/2-1/2

[Event "Bayerische EM 2012 Allgemeine Klasse"]
[Site "Bayerisch Eisenstein"]
[Date "2012.08.18"]
[Round "1.7"]
[White "Schatz, Christian"]
[Black "Beier, Klaus"]
[Result "1-0"]
[WhiteElo "2222"]
[BlackElo "2126"]
[PlyCount "67"]
[EventDate "2012.??.??"]
[WhiteTeam "Schachzentrum Fürth 2002"]
[BlackTeam "SK Michelau"]

1. Nf3 Nf6 2. d4 g6 3. Bg5 Bg7 4. Nbd2 d6 5. e4 O-O 6. c3 Nc6 7. Bc4 e5 8. dxe5
dxe5 9. O-O h6 10. Bh4 Qe7 11. Re1 Bg4 12. h3 Bd7 13. Nh2 Rad8 14. Qe2 Na5 15.
Bd3 b6 16. b4 Nb7 17. Ndf1 Bc8 18. Ne3 g5 19. Bg3 c5 20. b5 Nd6 21. f3 Nh5 22.
Nd5 Qb7 23. Nf1 Nf5 24. exf5 Qxd5 25. Rad1 Nf4 26. Bxf4 exf4 27. f6 Bxf6 28.
Bh7+ Kxh7 29. Rxd5 Rxd5 30. Qe4+ Rf5 31. g4 fxg3 32. Nxg3 Kg6 33. Rd1 Be6 34.
Rd5 1-0

[Event "Bayerische EM 2012 Allgemeine Klasse"]
[Site "Bayerisch Eisenstein"]
[Date "2012.08.18"]
[Round "1.8"]
[White "Jussupow, Nadia"]
[Black "Lederle, Vitus"]
[Result "1-0"]
[WhiteElo "2115"]
[BlackElo "2220"]
[PlyCount "115"]
[EventDate "2012.??.??"]
[WhiteTeam "SK Krumbach"]
[BlackTeam "SC Dillingen"]

1. d4 Nf6 2. Nf3 e6 3. Bg5 c5 4. e3 d5 5. Nbd2 Nc6 6. c3 cxd4 7. exd4 h6 8. Bh4
Be7 9. Bd3 Nh5 10. Bg3 Bd6 11. Qe2 Nf4 12. Bxf4 Bxf4 13. g3 Bxd2+ 14. Qxd2 Qf6
15. Qe2 Bd7 16. Ne5 Nxe5 17. dxe5 Qe7 18. Qg4 O-O-O 19. Qd4 Kb8 20. a4 Rc8 21.
f4 f6 22. O-O f5 23. Rfd1 g5 24. Ra3 Rhg8 25. Be2 gxf4 26. Qxf4 Rg5 27. Rd4 Bc6
28. Kf2 Rf8 29. Ra1 Rg4 30. Qxh6 Re4 31. Bf3 Rxe5 32. Qf4 Qc7 33. h4 Rf7 34.
Rad1 a6 35. b3 Ka7 36. Kg2 Rg7 37. h5 Re2+ 38. Bxe2 e5 39. Qf2 exd4 40. Rxd4
Ka8 41. Qf4 Qxf4 42. Rxf4 d4+ 43. Kf2 dxc3 44. Rc4 f4 45. Rxc3 fxg3+ 46. Rxg3
Rf7+ 47. Ke3 Re7+ 48. Kd2 Ka7 49. Bd3 Bd5 50. Kc3 Rc7+ 51. Kb2 Rf7 52. h6 Rf2+
53. Kc3 Rf8 54. h7 Rh8 55. a5 Kb8 56. Be4 Rc8+ 57. Kd4 Bxb3 58. Rxb3 1-0

[Event "Bayerische EM 2012 Allgemeine Klasse"]
[Site "Bayerisch Eisenstein"]
[Date "2012.08.18"]
[Round "1.9"]
[White "Zill, Christoph"]
[Black "Laubert, Johannes"]
[Result "1-0"]
[WhiteElo "2219"]
[BlackElo "2108"]
[PlyCount "83"]
[EventDate "2012.??.??"]
[WhiteTeam "SK Freising"]
[BlackTeam "SC Windischeschenbach"]

1. e4 e6 2. d4 d5 3. Nc3 Bb4 4. e5 Ne7 5. a3 Bxc3+ 6. bxc3 c5 7. Qg4 cxd4 8.
Qxg7 Rg8 9. Qxh7 Qc7 10. Kd1 dxc3 11. Nf3 Nbc6 12. Bf4 Bd7 13. Ng5 Rf8 14. Bd3
Nxe5 15. Nxf7 Rxf7 16. Qh8+ Rf8 17. Qh5+ Kd8 18. Bxe5 Qc5 19. Bg3 Bb5 20. Bxb5
Qxb5 21. Qh6 Kd7 22. Re1 Qc6 23. Rb1 b6 24. Rb3 d4 25. Rb4 Nf5 26. Qh7+ Ke8 27.
Qg6+ Kd7 28. Be5 a5 29. Rb3 Rae8 30. Kc1 Rg8 31. Qf7+ Kc8 32. g3 Qb7 33. Qh5
Re7 34. Qe2 Rd7 35. Qc4+ Kd8 36. Qxe6 Ne7 37. Rxb6 Rg6 38. Bf6 Qc7 39. Bxe7+
Rxe7 40. Rb8+ Qxb8 41. Qxe7+ Kc8 42. Qe8+ 1-0

[Event "Bayerische EM 2012 Allgemeine Klasse"]
[Site "Bayerisch Eisenstein"]
[Date "2012.08.18"]
[Round "1.10"]
[White "Shashkin, Igor"]
[Black "Kuhn, Tobias"]
[Result "0-1"]
[WhiteElo "2105"]
[BlackElo "2218"]
[PlyCount "158"]
[EventDate "2012.??.??"]
[WhiteTeam "PTSV SK Hof 1892"]
[BlackTeam "SK 1982 Klingenberg/Main"]

1. e4 c5 2. Nf3 Nc6 3. c3 Nf6 4. e5 Nd5 5. Bc4 e6 6. O-O Be7 7. d4 d6 8. Qe2
O-O 9. Qe4 Kh8 10. Bxd5 exd5 11. Qxd5 cxd4 12. cxd4 Nb4 13. Qe4 d5 14. Qe2 Bf5
15. Ne1 Qb6 16. a3 Nc6 17. Be3 f6 18. Nc3 Rad8 19. Na4 Qa5 20. exf6 Bxf6 21.
Nc5 Rde8 22. Nxb7 Qc7 23. Qb5 Rb8 24. Rc1 Bd7 25. Qxd5 Qxb7 26. b4 a5 27. Nd3
Nxd4 28. Qxb7 Rxb7 29. Nc5 Rc7 30. Bxd4 Bxd4 31. Nxd7 Rxd7 32. bxa5 Ra7 33. Rc4
Bb2 34. Ra4 h6 35. a6 Rc8 36. Rb1 Bf6 37. g3 Rc6 38. Rbb4 Rcxa6 39. Rxa6 Rxa6
40. a4 Rc6 41. h4 Kg8 42. Kg2 Rc3 43. Re4 Kf7 44. Kh3 h5 45. Kg2 Kg6 46. Rf4
Be5 47. Rb4 Kf5 48. Kh2 Ra3 49. Kg2 Ke6 50. Rb6+ Kd5 51. Rb5+ Ke4 52. f3+ Kd4
53. f4 Bf6 54. Rxh5 Ke4 55. Rb5 Rxa4 56. Rb3 Kf5 57. Kf3 Kg6 58. Kg4 Rc4 59.
Rb6 Rc3 60. Rb8 Bd4 61. h5+ Kh7 62. h6 Kxh6 63. Rh8+ Kg6 64. Rh2 Re3 65. Ra2
Bc3 66. Ra6+ Kh7 67. Ra2 Be1 68. Rg2 Kg6 69. Rg1 Kf6 70. Rg2 Ke6 71. Rg1 Kd5
72. Kf5 Re7 73. g4 Bc3 74. Kg6 Re6+ 75. Kf7 Rc6 76. f5 Ke4 77. Rg2 Kf4 78. Rg1
Kg5 79. Rg2 Bf6 0-1

[Event "Bayerische EM 2012 Allgemeine Klasse"]
[Site "Bayerisch Eisenstein"]
[Date "2012.08.18"]
[Round "1.11"]
[White "Knechtel, Roland"]
[Black "Kolb, Wolfgang"]
[Result "0-1"]
[WhiteElo "2217"]
[BlackElo "2066"]
[PlyCount "88"]
[EventDate "2012.??.??"]
[WhiteTeam "SV Röhrnbach e.V."]
[BlackTeam "SK Königsbrunn"]

1. d4 Nf6 2. Nf3 e6 3. Bg5 d5 4. c4 c6 5. e3 Be7 6. Nc3 dxc4 7. Bxc4 b5 8. Bd3
Bb7 9. Qc2 h6 10. Bh4 Nbd7 11. O-O a6 12. Rfd1 Qb6 13. a4 Rc8 14. e4 b4 15. a5
Qa7 16. e5 bxc3 17. exf6 Nxf6 18. bxc3 c5 19. Ne5 O-O 20. Qb2 Rfd8 21. Rab1 Rb8
22. Qb6 Qa8 23. Qc7 Nd5 24. Qxe7 Nxe7 25. Bxe7 Re8 26. Bxc5 Bxg2 27. Bb4 Bh3
28. f3 Bf5 29. Bxf5 exf5 30. Kf2 Qd5 31. c4 Qe6 32. f4 Rb7 33. d5 Qf6 34. d6
Qh4+ 35. Ke3 f6 36. d7 Rxd7 37. Rxd7 fxe5 38. Rb2 exf4+ 39. Kd3 Re3+ 40. Kc2
Re2+ 41. Bd2 f3 42. Kd1 Qe4 43. Rbb7 Rg2 44. Re7 Rg1+ 0-1

[Event "Bayerische EM 2012 Allgemeine Klasse"]
[Site "Bayerisch Eisenstein"]
[Date "2012.08.18"]
[Round "1.12"]
[White "Stadler, Alex"]
[Black "Schelle, Artur"]
[Result "0-1"]
[WhiteElo "2035"]
[BlackElo "2215"]
[PlyCount "36"]
[EventDate "2012.??.??"]
[WhiteTeam "SV Deggendorf"]
[BlackTeam "SC Tarrasch 45 München"]

1. Nf3 f5 2. c4 Nf6 3. g3 g6 4. Bg2 Bg7 5. O-O O-O 6. d4 d6 7. Nc3 Nc6 8. Be3
e5 9. dxe5 dxe5 10. Bc5 Re8 11. Ng5 e4 12. Nd5 Bd7 13. Qd2 a6 14. Nc3 h6 15.
Nh3 g5 16. f3 Be6 17. Qxd8 Raxd8 18. b3 Nd7 0-1

[Event "Bayerische EM 2012 Allgemeine Klasse"]
[Site "Bayerisch Eisenstein"]
[Date "2012.08.18"]
[Round "1.13"]
[White "Heimrath, Reiner"]
[Black "Bachhuber, Dominik"]
[Result "1-0"]
[WhiteElo "2206"]
[BlackElo "1858"]
[PlyCount "72"]
[EventDate "2012.??.??"]
[WhiteTeam "SC Noris-Tarrasch Nürnberg 1873"]
[BlackTeam "Rainer SC"]

1. e4 c6 2. Nc3 d5 3. Nf3 Bg4 4. Be2 Nf6 5. h3 Bxf3 6. Bxf3 e6 7. O-O Qc7 8.
Re1 Be7 9. Qe2 d4 10. Nb1 O-O 11. e5 Nfd7 12. Qe4 d3 13. cxd3 Nc5 14. Qe3 Nba6
15. d4 Nb4 16. dxc5 Nc2 17. Qe4 Nxe1 18. Qxe1 Bxc5 19. Na3 f6 20. Nc2 fxe5 21.
b4 Bb6 22. Bb2 Rad8 23. Bxe5 Qf7 24. d4 Qg6 25. Qe4 Qh6 26. Qe3 Qh4 27. Bg4
Rde8 28. Rf1 Bd8 29. Qb3 Bg5 30. f4 Bh6 31. Bxe6+ Kh8 32. f5 Qe4 33. Re1 Qh4
34. Qd3 Bf4 35. g3 Qxh3 36. Bxf4 Rxe6 1-0

[Event "Bayerische EM 2012 Allgemeine Klasse"]
[Site "Bayerisch Eisenstein"]
[Date "2012.08.18"]
[Round "1.14"]
[White "Kapfer, Ulrich"]
[Black "Jussupow, Alexander"]
[Result "1/2-1/2"]
[WhiteElo "1737"]
[BlackElo "2170"]
[PlyCount "67"]
[EventDate "2012.??.??"]
[WhiteTeam "SC Dillingen"]
[BlackTeam "SK Krumbach"]

1. d4 d5 2. c4 e6 3. Nc3 Nf6 4. Bg5 Be7 5. e3 b6 6. Nf3 Bb7 7. Be2 Nbd7 8. O-O
O-O 9. Rc1 h6 10. Bh4 c5 11. a3 Rc8 12. cxd5 exd5 13. Bd3 c4 14. Bb1 a6 15. Qc2
Re8 16. Ne5 Nf8 17. Qf5 b5 18. f4 Qb6 19. Rf3 Rcd8 20. Bxf6 Qxf6 21. Qh5 Nd7
22. Rcf1 Rf8 23. Rg3 Kh8 24. Rh3 Nxe5 25. dxe5 Qe6 26. Ne2 Bc8 27. Rg3 Bc5 28.
Nd4 Qb6 29. Rd1 a5 30. f5 f6 31. e6 b4 32. Rxg7 Kxg7 33. Qg6+ Kh8 34. Qxh6+
1/2-1/2

[Event "Bayerische EM 2012 Allgemeine Klasse"]
[Site "Bayerisch Eisenstein"]
[Date "2012.08.19"]
[Round "2.1"]
[White "Zill, Christoph"]
[Black "Reich, Thomas"]
[Result "0-1"]
[WhiteElo "2219"]
[BlackElo "2364"]
[PlyCount "112"]
[EventDate "2012.??.??"]
[WhiteTeam "SK Freising"]
[BlackTeam "FC Bayern München e.V."]

1. e4 c5 2. Nf3 g6 3. d4 cxd4 4. Nxd4 Nc6 5. Nc3 Bg7 6. Be3 Nf6 7. Bc4 O-O 8.
Bb3 a5 9. O-O Nxd4 10. Bxd4 d6 11. Kh1 Bd7 12. f4 Bc6 13. f5 Nd7 14. Bxg7 Kxg7
15. Qd4+ f6 16. a4 Qb6 17. Qd2 Nc5 18. Bd5 Qb4 19. Bxc6 bxc6 20. b3 Nd7 21.
Rad1 Ne5 22. Qe3 Qc5 23. Rd4 Rab8 24. Qd2 Qa7 25. Ne2 g5 26. Ng1 c5 27. Rd5 Rb4
28. Qe3 Rd4 29. Nf3 Rxd5 30. exd5 Qa6 31. c4 Qb6 32. Nxe5 dxe5 33. Qc3 h5 34.
h3 h4 35. Rd1 Rb8 36. Rd3 Kf7 37. Kg1 Ke8 38. Qd2 Kd7 39. Qd1 Rh8 40. d6 exd6
41. Kh1 Kc7 42. Rd5 Rh7 43. Rd3 Re7 44. Qh5 Qb4 45. Qd1 Rd7 46. Kh2 e4 47. Re3
d5 48. cxd5 Kd6 49. Qe2 Ke5 50. Qa6 Rd6 51. Qc8 Kd4 52. Re2 Kd3 53. Qc7 Qb6 54.
Qxb6 Rxb6 55. Re1 e3 56. Kg1 Rd6 0-1

[Event "Bayerische EM 2012 Allgemeine Klasse"]
[Site "Bayerisch Eisenstein"]
[Date "2012.08.19"]
[Round "2.2"]
[White "Kuhn, Tobias"]
[Black "Pohl-Kuemmel, Jens-Uwe"]
[Result "0-1"]
[WhiteElo "2218"]
[BlackElo "2315"]
[PlyCount "100"]
[EventDate "2012.??.??"]
[WhiteTeam "SK 1982 Klingenberg/Main"]
[BlackTeam "TSV Wacker Neutraubling"]

1. e4 c5 2. Nf3 e6 3. d4 cxd4 4. Nxd4 a6 5. Nc3 Qc7 6. Be3 Bb4 7. Qd2 Nf6 8.
Bd3 d5 9. exd5 Nxd5 10. Nde2 Nc6 11. O-O Nxe3 12. Qxe3 O-O 13. Ne4 Be7 14. c3
Ne5 15. Bc2 Bd7 16. Rad1 Rad8 17. Qg3 Bb5 18. Rfe1 Rxd1 19. Bxd1 Rc8 20. Nd4
Bd7 21. Bb3 Nc4 22. Qxc7 Rxc7 23. Bxc4 Rxc4 24. b3 Rc7 25. c4 b5 26. Rc1 f5 27.
Ng3 Kf7 28. Nf3 Bf6 29. Nh5 bxc4 30. Nxf6 Kxf6 31. Rxc4 Rxc4 32. bxc4 e5 33.
Kf1 Be6 34. Nd2 e4 35. Ke2 Ke5 36. a3 Kd4 37. c5 Kxc5 38. Ke3 Kd5 39. f3 exf3
40. gxf3 g5 41. Kd3 Ke5 42. Ke3 Bd5 43. Kd3 h5 44. Ke3 f4+ 45. Kd3 g4 46. fxg4
hxg4 47. Nf1 Bc6 48. Nd2 Bb5+ 49. Kc3 f3 50. h3 gxh3 0-1

[Event "Bayerische EM 2012 Allgemeine Klasse"]
[Site "Bayerisch Eisenstein"]
[Date "2012.08.19"]
[Round "2.3"]
[White "Kunz, Konstantin"]
[Black "Heimrath, Reiner"]
[Result "0-1"]
[WhiteElo "2303"]
[BlackElo "2206"]
[PlyCount "98"]
[EventDate "2012.??.??"]
[WhiteTeam "SC Kitzingen von 1905"]
[BlackTeam "SC Noris-Tarrasch Nürnberg 1873"]

1. d4 g6 2. Nf3 Bg7 3. Bf4 d6 4. e3 Nd7 5. h3 b6 6. Bc4 e6 7. O-O Bb7 8. c3 h6
9. Nbd2 Ne7 10. Bh2 O-O 11. a4 a6 12. b4 Kh7 13. Qb3 Qe8 14. Rfe1 e5 15. dxe5
dxe5 16. e4 Nc8 17. Bd5 c6 18. Bc4 Nd6 19. Bd3 Qe7 20. Rad1 b5 21. c4 bxa4 22.
Qxa4 c5 23. Qa5 Rfc8 24. Nb3 Bc6 25. Nxc5 Nxc5 26. bxc5 Nb7 27. Qa3 f6 28. Bg3
Qxc5 29. Qa2 a5 30. Qe2 Bd7 31. Kh2 Be6 32. Nd2 Rd8 33. f3 a4 34. Bf2 Qa5 35.
Nf1 Nc5 36. Ne3 a3 37. Nd5 Rdb8 38. Rd2 Nb3 39. Ra2 Bxd5 40. exd5 Nd4 41. Qf1
Rb3 42. f4 Qc3 43. Rd1 Rb2 44. Rxb2 Qxb2 45. f5 Nb3 46. fxg6+ Kh8 47. Rb1 Nd2
48. Rxb2 Nxf1+ 49. Kg1 axb2 0-1

[Event "Bayerische EM 2012 Allgemeine Klasse"]
[Site "Bayerisch Eisenstein"]
[Date "2012.08.19"]
[Round "2.4"]
[White "Schelle, Artur"]
[Black "Bartsch, Berthold"]
[Result "1/2-1/2"]
[WhiteElo "2215"]
[BlackElo "2269"]
[PlyCount "114"]
[EventDate "2012.??.??"]
[WhiteTeam "SC Tarrasch 45 München"]
[BlackTeam "SC Forchheim e.V."]

1. e4 d5 2. exd5 Qxd5 3. Nc3 Qd6 4. d4 Nf6 5. Nf3 a6 6. g3 b5 7. Bg2 Bb7 8. O-O
e6 9. Bf4 Qb6 10. a4 Bd6 11. Be3 Nd5 12. Nxd5 exd5 13. a5 Qc6 14. Ne5 Bxe5 15.
dxe5 O-O 16. Bd4 Nd7 17. Re1 Qe6 18. Bf3 Qe7 19. Bg4 Nc5 20. b4 Ne6 21. c3 c5
22. bxc5 Nxc5 23. Ra2 Bc8 24. Bf3 Rd8 25. Qb1 Be6 26. Qb4 Rac8 27. Rd2 Kf8 28.
Red1 Na4 29. Bb6 Nxb6 30. axb6 Qxb4 31. cxb4 Rb8 32. Bxd5 Rxb6 33. Be4 Rxd2 34.
Rxd2 Ke7 35. f4 g6 36. Rd1 Bb3 37. Ra1 f6 38. exf6+ Kxf6 39. Kf2 Rd6 40. Ke3 h6
41. Bb7 Ba4 42. Rc1 Re6+ 43. Kf2 Re7 44. Bd5 Kg7 45. Rc6 Bd1 46. Re6 Rc7 47.
Bc6 Bg4 48. Rd6 Bf5 49. Kf3 h5 50. Ke3 Ra7 51. Rd4 Kf6 52. Be4 Bxe4 53. Kxe4 a5
54. bxa5 Rxa5 55. Rd6+ Kf7 56. Rb6 Ra2 57. Rxb5 Rxh2 1/2-1/2

[Event "Bayerische EM 2012 Allgemeine Klasse"]
[Site "Bayerisch Eisenstein"]
[Date "2012.08.19"]
[Round "2.5"]
[White "Kolb, Wolfgang"]
[Black "Schatz, Christian"]
[Result "1/2-1/2"]
[WhiteElo "2066"]
[BlackElo "2222"]
[PlyCount "146"]
[EventDate "2012.??.??"]
[WhiteTeam "SK Königsbrunn"]
[BlackTeam "Schachzentrum Fürth 2002"]

1. c4 g6 2. Nc3 Bg7 3. g3 Nf6 4. Bg2 O-O 5. e4 d6 6. Nge2 c5 7. O-O Nc6 8. d3
Bd7 9. h3 a6 10. Be3 Rb8 11. Rb1 b5 12. b3 Ne8 13. cxb5 axb5 14. d4 b4 15. Na4
cxd4 16. Nxd4 Nxd4 17. Bxd4 Bxa4 18. bxa4 Qa5 19. Rb2 Bxd4 20. Qxd4 Qxa4 21.
Rfb1 Nf6 22. e5 dxe5 23. Qxe5 Rfe8 24. Qc5 Qa3 25. Qd4 Red8 26. Qe5 Kf8 27. Re2
Qa7 28. Rc1 Rd6 29. Rec2 Re8 30. Bf1 Rd5 31. Qb2 Qa3 32. Qxa3 bxa3 33. Rc3 Ra5
34. Rb3 Ne4 35. Bg2 f5 36. Bxe4 fxe4 37. Rcc3 Rea8 38. Rb4 Ra4 39. Rcc4 Rxb4
40. Rxb4 e3 41. fxe3 Rc8 42. Rf4+ Ke8 43. Ra4 Rc3 44. Kf2 Rc2+ 45. Kf3 Rxa2 46.
Ra7 Kf7 47. h4 Ra1 48. Ke4 h5 49. Ra6 a2 50. Ke5 Rg1 51. Rxa2 Rxg3 52. e4 Rg4
53. Rf2+ Ke8 54. Rh2 Kd7 55. Rd2+ Kc6 56. Rc2+ Kb5 57. Rc7 Rxh4 58. Rxe7 g5 59.
Rg7 g4 60. Kf6 Rh3 61. e5 Kc6 62. e6 Kd6 63. Rd7+ Kc6 64. Rg7 Re3 65. Rh7 Kd6
66. Rd7+ Kc6 67. Rh7 Rf3+ 68. Ke5 Rh3 69. Kf6 h4 70. e7 Kd7 71. Rh8 Rf3+ 72.
Kg5 Kxe7 73. Kxg4 Rg3+ 1/2-1/2

[Event "Bayerische EM 2012 Allgemeine Klasse"]
[Site "Bayerisch Eisenstein"]
[Date "2012.08.19"]
[Round "2.6"]
[White "Lentrodt, Thomas"]
[Black "Jussupow, Nadia"]
[Result "1/2-1/2"]
[WhiteElo "2328"]
[BlackElo "2115"]
[PlyCount "91"]
[EventDate "2012.??.??"]
[WhiteTeam "FC Bayern München e.V."]
[BlackTeam "SK Krumbach"]

1. d4 Nf6 2. c4 g6 3. Nc3 d5 4. Bf4 Bg7 5. e3 O-O 6. cxd5 Nxd5 7. Nxd5 Qxd5 8.
Bxc7 Na6 9. Bg3 Bf5 10. Qa4 Rac8 11. Ne2 Bc2 12. Qa3 e5 13. Nc3 Qe6 14. d5 Qf5
15. Bxa6 bxa6 16. O-O Bd3 17. Rfd1 e4 18. d6 Rfd8 19. Rac1 g5 20. h4 Bf8 21.
hxg5 Qxg5 22. Na4 Qh5 23. b3 Rc2 24. Re1 Qa5 25. b4 Qd5 26. Rxc2 Bxc2 27. Nc5
Bxd6 28. Qc3 Bd3 29. Qf6 Bxg3 30. fxg3 Rd6 31. Qe7 Rh6 32. Nd7 Qd6 33. Qxd6
Rxd6 34. Nc5 Rg6 35. Rd1 Rb6 36. a3 a5 37. bxa5 Rb5 38. Nxd3 exd3 39. Rxd3 Rxa5
40. Kf2 Kg7 41. g4 Ra4 42. Kf3 Kg6 43. e4 Ra6 44. Kf4 Rf6+ 45. Kg3 Ra6 46. Kf4
1/2-1/2

[Event "Bayerische EM 2012 Allgemeine Klasse"]
[Site "Bayerisch Eisenstein"]
[Date "2012.08.19"]
[Round "2.7"]
[White "Schmid, Roland"]
[Black "Ciaffone, Daniel"]
[Result "1-0"]
[WhiteElo "2249"]
[BlackElo "2145"]
[PlyCount "109"]
[EventDate "2012.??.??"]
[WhiteTeam "TSV Wacker Neutraubling"]
[BlackTeam "FC Bayern München e.V."]

1. Nf3 d5 2. c4 e6 3. g3 c5 4. cxd5 exd5 5. d4 Nc6 6. Bg2 Nf6 7. O-O Be7 8. Nc3
O-O 9. dxc5 Bxc5 10. Na4 Be7 11. Be3 Bg4 12. Bc5 Bxc5 13. Nxc5 b6 14. Nd3 Qd6
15. Qd2 Rfe8 16. Nf4 Rad8 17. Rac1 d4 18. Rfd1 h6 19. Qc2 Bxf3 20. Bxf3 Ne5 21.
Bg2 g5 22. Nd3 Ng6 23. a3 Qe6 24. Re1 Rc8 25. Qa4 Rxc1 26. Nxc1 Rd8 27. Rd1 Qc8
28. Nd3 Qe6 29. Bf1 a5 30. Rc1 Rd6 31. Rc4 Qd5 32. Bg2 Qe6 33. Rxd4 Rxd4 34.
Qxd4 Qxe2 35. Qxf6 Qxd3 36. Qxb6 Qd1+ 37. Bf1 a4 38. Qb5 Kg7 39. h3 Qd4 40. Qb4
Qd1 41. Qc3+ Kg8 42. Qd3 Qc1 43. Qe2 Nf8 44. Kh2 Ne6 45. Bg2 Qc5 46. Be4 Qd4
47. Bc6 Nc5 48. Qe3 Qd6 49. Bxa4 Nxa4 50. Qe8+ Kg7 51. Qxa4 Qd2 52. Kg2 Qxb2
53. Qa8 h5 54. a4 Qb4 55. a5 1-0

[Event "Bayerische EM 2012 Allgemeine Klasse"]
[Site "Bayerisch Eisenstein"]
[Date "2012.08.19"]
[Round "2.8"]
[White "Jussupow, Alexander"]
[Black "Walter, Florian"]
[Result "1-0"]
[WhiteElo "2170"]
[BlackElo "2128"]
[PlyCount "75"]
[EventDate "2012.??.??"]
[WhiteTeam "SK Krumbach"]
[BlackTeam "SV Lauf a.d.P."]

1. d4 d5 2. Nf3 Nf6 3. e3 c5 4. b3 Bg4 5. Bd3 Nc6 6. Bb2 e6 7. Nbd2 Bd6 8. h3
Bh5 9. O-O O-O 10. c4 Qe7 11. a3 b6 12. Qc2 Bg6 13. Ne5 Bxd3 14. Qxd3 Rac8 15.
cxd5 exd5 16. Nxc6 Rxc6 17. dxc5 bxc5 18. Bxf6 Qxf6 19. Qxd5 Rd8 20. Qc4 Bh2+
21. Kxh2 Rxd2 22. Kg1 Qd6 23. Rac1 Qd3 24. b4 Qxc4 25. Rxc4 Rd3 26. a4 Rb3 27.
bxc5 Kf8 28. Rd1 Ke7 29. Kf1 Rb7 30. Re4+ Kf6 31. Rd6+ Rxd6 32. cxd6 Rd7 33.
Rd4 Ke6 34. Ke2 f5 35. Kd3 g6 36. Kc4 h6 37. Kc5 g5 38. Kc6 1-0

[Event "Bayerische EM 2012 Allgemeine Klasse"]
[Site "Bayerisch Eisenstein"]
[Date "2012.08.19"]
[Round "2.9"]
[White "Lederle, Vitus"]
[Black "Kapfer, Ulrich"]
[Result "1/2-1/2"]
[WhiteElo "2220"]
[BlackElo "1737"]
[PlyCount "110"]
[EventDate "2012.??.??"]
[WhiteTeam "SC Dillingen"]
[BlackTeam "SC Dillingen"]

1. d4 d5 2. Bf4 Nf6 3. e3 Bf5 4. c4 c6 5. Nc3 e6 6. Nf3 Bb4 7. Qb3 Bxc3+ 8.
Qxc3 O-O 9. Be2 Nbd7 10. Qb3 Qb6 11. c5 Qa5+ 12. Nd2 Ne4 13. Rd1 b6 14. Qa3
Qxa3 15. bxa3 Nc3 16. Rc1 Nxe2 17. Kxe2 bxc5 18. Bd6 Rfc8 19. Bxc5 Rab8 20. Nb3
a5 21. Bd6 a4 22. Bxb8 axb3 23. Bd6 b2 24. Rb1 Bxb1 25. Rxb1 Nb6 26. Bb4 Nc4
27. Kd3 f6 28. a4 Rb8 29. Kc3 Kf7 30. a5 Ke8 31. Bc5 Ra8 32. Bb6 Kd7 33. Rg1
Kc8 34. f3 Kb7 35. e4 Ka6 36. Kc2 Kb5 37. Kb1 Ka4 38. Rd1 Rb8 39. Rd3 f5 40. e5
g6 41. f4 Kb5 42. Rh3 Rb7 43. Rb3+ Ka6 44. Kc2 b1=Q+ 45. Rxb1 Na3+ 46. Kb2 Nxb1
47. Kxb1 h6 48. h4 Rxb6+ 49. axb6 Kxb6 50. Kc2 c5 51. dxc5+ Kxc5 52. Kc3 Kb5
53. Kb3 Ka5 54. Ka3 Kb5 55. Kb3 Ka5 1/2-1/2